000 01748nam a2200373 i 4500
001 12467
003 KOSZ 005
005 20191018140640.0
008 990506s1963 pl f d |000 0 mul
015 _aPB 1963/5738
035 _a(OCoLC)830233665
040 _aWA N
_cWA N
_dKOSZ 005/HR
046 _k1963
080 _a621.3(038)=00
245 0 0 _aMiędzynarodowy słownik terminologii elektrycznej =
_bInternational electrotechnical vocabulary = Vocabulaire électrotechnique international = Meždunarodnyj èlektrotechničeskij sbornik terminov.
_n3.
_nDział 15,
_pRozdzielnice oraz przyrządy łączeniowe i regulacyjne.
_nDział 16,
_pPrzekaźniki zabezpieczeniowe.
_nDział 20,
_pPrzyrządy pomiarowe laboratoryjne i techniczne / [oprac. S. Dzierzbicki et al.] ; Międzynarodowa Komisja Elektrotechniczna.
246 3 1 _aInternational electrotechnical vocabulary.
246 3 1 _aVocabulaire électrotechnique international.
246 3 1 _aMeždunarodnyj èlektrotechničeskij sbornik terminov.
260 _aWarszawa :
_bPaństw. Wydaw. Techniczne,
_c1963.
300 _aVIII, 166 s. ;
_c30 cm.
380 _aKsiążki.
388 _a1901-2000
546 _aTekst równol. w jęz. pol., hol., ang., fr., niem., wł., ros., hisz., szw.
658 _aInżynieria i technika
658 _aJęzykoznawstwo
650 4 _aElektryczność
650 4 _aTerminologia
650 4 _aElektrotechnika
655 4 _aSłownik wielojęzyczny
700 1 _aDzierzbicki, Stanisław
_d(1910-1988).
_eOpracowanie
710 2 _aPaństwowe Wydawnictwa Techniczne
_4pbl.
856 _uhttp://koha.tu.koszalin.pl/cgi-bin/koha/opac-detail.pl?biblionumber=12467
_yKatalog online BPK
942 _2UKD
_cKS
999 _c12467
_d12467